Loading...
| 0 | 2 | 0 | 1 | 20 | 92 | 112.00 | 1 | 2 | 0.00 | 0.00 | |
| History - European | 0 | 2 | 0 | 1 | 20 | 122 | 125.00 | 0 | 2 | 0.00 | 0.00 |
| Literature - American | 0 | 1 | 0 | 1 | 10 | 137 | 137.00 | 0 | 1 | 0.00 | 0.00 |
| Other Arts: Visual | 0 | 1 | 0 | 0 | 10 | 68 | 68.00 | 1 | 1 | 0.00 | 0.00 |
| History - World | 0 | 1 | 0 | 1 | 10 | 143 | 143.00 | 0 | 1 | 0.00 | 0.00 |
| Science - Biology | 0 | 1 | 0 | 1 | 10 | 151 | 151.00 | 0 | 1 | 0.00 | 0.00 |
| Social Science | 0 | 1 | 0 | 0 | 10 | 122 | 122.00 | 0 | 1 | 0.00 | 0.00 |
| Other Science: Astronomy | 0 | 1 | 0 | 1 | 10 | 128 | 128.00 | 0 | 1 | 0.00 | 0.00 |
| Philosophy | 0 | 1 | 0 | 0 | 10 | 110 | 110.00 | 1 | 1 | 0.00 | 0.00 |
| Current Events | 0 | 0 | 0 | 0 | 0 | 0.00 | 0 | 0 | 0.00 | 0.00 | |
| Fine Arts - Auditory | 0 | 0 | 1 | 0 | -5 | 0.00 | 0 | 0 | 0.00 | 0.00 |